<?xml version="1.0" encoding="UTF-8"?>
<marc:record xmlns:marc="http://www.loc.gov/MARC21/slim">
   <marc:leader>00000nam a2200000 a 4500</marc:leader>
   <marc:datafield ind1="1" ind2=" " tag="100">
      <marc:subfield code="a">Brogyanyi, Josefine</marc:subfield>
      <marc:subfield code="4">aut</marc:subfield>
      <marc:subfield code="e">Verfasser/-in</marc:subfield>
   </marc:datafield>
   <marc:datafield ind1=" " ind2=" " tag="653">
      <marc:subfield code="a">Jahreslauf</marc:subfield>
   </marc:datafield>
   <marc:datafield ind1=" " ind2=" " tag="653">
      <marc:subfield code="a">Kreuzstich</marc:subfield>
   </marc:datafield>
   <marc:datafield ind1=" " ind2=" " tag="653">
      <marc:subfield code="a">Stickmuster</marc:subfield>
   </marc:datafield>
   <marc:datafield ind1=" " ind2=" " tag="653">
      <marc:subfield code="a">Sticken</marc:subfield>
   </marc:datafield>
   <marc:datafield ind1=" " ind2=" " tag="653">
      <marc:subfield code="a">Anleitung</marc:subfield>
   </marc:datafield>
   <marc:datafield ind1="0" ind2="0" tag="245">
      <marc:subfield code="a">Kreuzstichmuster im Jahreslauf</marc:subfield>
   </marc:datafield>
   <marc:datafield ind1="0" ind2="0" tag="245">
      <marc:subfield code="b">Tradition und Brauchtum</marc:subfield>
   </marc:datafield>
   <marc:datafield ind1="0" ind2="0" tag="245">
      <marc:subfield code="c">Josefine Brogyanyi</marc:subfield>
   </marc:datafield>
   <marc:datafield ind1=" " ind2="1" tag="264">
      <marc:subfield code="a">Graz</marc:subfield>
      <marc:subfield code="b">Stocker</marc:subfield>
      <marc:subfield code="c">2004</marc:subfield>
   </marc:datafield>
   <marc:datafield ind1="1" ind2=" " tag="520">
      <marc:subfield code="a">Auch in der heutigen, modernen Zeit regt sich Interesse an echter Handarbeit, an Brauchtum und Traditionen. Gerade der Kreuzstich mit seinen uralten, teils bis in die vorchristliche Zeit zurückreichenden Symbolen und Mustern, hat seine Faszination behalten und kann auch nicht von maschinell gefertigter Ware verdrängt werden. Ihre schönsten, in alter Tradition stehenden Muster, hat die erfahrene Autorin für diesen Band zusammengefaßt, eng anschließend an den Jahreskreis: .Oster-, Erntedank- und Weihnachtsmotive .Weihkorbdecken, Haussegen und jagdliche Motive .Muster für Taufe, Hochzeit und Geburtstag .Tischtücher, Wandbehänge, Polster, Decken und Vorhänge mit jahreszeitlichen Motiven, sowie mit eleganten, Barock- und Jugendstil-Mustern.</marc:subfield>
   </marc:datafield>
   <marc:datafield ind1=" " ind2=" " tag="020">
      <marc:subfield code="a">9783702010638</marc:subfield>
      <marc:subfield code="9">9783702010638</marc:subfield>
   </marc:datafield>
   <marc:datafield ind1=" " ind2=" " tag="020">
      <marc:subfield code="a">3702010637</marc:subfield>
      <marc:subfield code="9">3702010637</marc:subfield>
   </marc:datafield>
   <marc:datafield ind1=" " ind2=" " tag="041">
      <marc:subfield code="a">ger</marc:subfield>
   </marc:datafield>
   <marc:datafield ind1=" " ind2=" " tag="300">
      <marc:subfield code="a">37 Bl.</marc:subfield>
   </marc:datafield>
</marc:record>
